<?xml version="1.0" encoding="UTF-8"?>
<record
    xmlns:xsi="http://www.w3.org/2001/XMLSchema-instance"
    xsi:schemaLocation="http://www.loc.gov/MARC21/slim http://www.loc.gov/standards/marcxml/schema/MARC21slim.xsd"
    xmlns="http://www.loc.gov/MARC21/slim">

  <leader>02347nam a22002897a 4500</leader>
  <datafield tag="999" ind1=" " ind2=" ">
    <subfield code="c">22064</subfield>
    <subfield code="d">22064</subfield>
  </datafield>
  <controlfield tag="003">AR-CdUCM</controlfield>
  <controlfield tag="008">190425b           ||||| |||| 00| 0 spa d</controlfield>
  <datafield tag="040" ind1=" " ind2=" ">
    <subfield code="a">MUNICIPALIDAD PROVINCIAL DEL CUSCO</subfield>
    <subfield code="c">BIBLIOTECA MUNICIPAL DEL CUSCO</subfield>
  </datafield>
  <datafield tag="082" ind1=" " ind2=" ">
    <subfield code="a">Situa/N&#xB0;3/1994</subfield>
  </datafield>
  <datafield tag="245" ind1=" " ind2=" ">
    <subfield code="a">Situa :</subfield>
    <subfield code="b">Revista semestral de la Facultad de Medicina Humana /</subfield>
    <subfield code="c">Facultad de Medicina Humana, Universidad Nacional de San Antonio Abad del Cusco</subfield>
  </datafield>
  <datafield tag="260" ind1=" " ind2=" ">
    <subfield code="a">Cusco :</subfield>
    <subfield code="b">[UNSAAC],</subfield>
    <subfield code="c">1994.</subfield>
  </datafield>
  <datafield tag="300" ind1=" " ind2=" ">
    <subfield code="a">63 p&#xE1;ginas. :</subfield>
    <subfield code="c">31 cm.</subfield>
  </datafield>
  <datafield tag="440" ind1=" " ind2=" ">
    <subfield code="a">Situa revista semestral de la Facultad de Medicina Humana.</subfield>
    <subfield code="n">A&#xF1;o,2, N&#xB0;3,setiembre 1993 - febrero 1994.</subfield>
    <subfield code="9">47328</subfield>
  </datafield>
  <datafield tag="505" ind1=" " ind2=" ">
    <subfield code="a">Contenido: Fiesta del Situa, Fiesta de la salud. V&#xED;ctor Angles Vargas. -- Mensaje al Hospital Regional del Cusco en su XXX Aniversario. Mu&#xF1;iz Caparo, Jorge. -- Hospital Regional del Cusco 30 a&#xF1;os de servicio ala comunidad. Farf&#xE1;n Cantero, Ramiro  -- Acci&#xF3;n de las micotoxinas producidas por aspergillus suphureus sobre c&#xE9;lulas de cryptococcus neoformans. Vidotto, Valerio. -- Requisitos m&#xED;nimos para la creaci&#xF3;n y funcionamiento de facultades de medicina. Paredes Manrique. -- Investigaci&#xF3;n integral de bocconia pearcei hutchinson. Bloga Urrunaga Soria, Rosa. -- Enfermedad cerebro-vascular factores de riesgo en los adultos nativos de la altura. Garc&#xED;a Matheus, Julio Cesar. -- Estudio epidemiol&#xF3;gico sobre factores de riesgo de la poblaci&#xF3;n extranjera migrante para portar el VIH (SIDA). Contreras campana, Camilo. -- Principales causas de mortalidad neonatal en los hospitales Antonio Lorena, Regional, IPPS-Cusco. Flores Eyzaguirre, Rafael. -- Investigaci&#xF3;n. Guti&#xE9;rrez Zambrano, Tomas. -- Ejercicio de la medicina y sus normas &#xE9;ticas. Diaz D&#xED;az, Leoncio. -- Homenaje a la medicina peruana por el Consejo Regional VI-Cusco Colegio Medico del Per&#xFA;. Tupayachi Mogollon, Walter. -- Declaraci&#xF3;n de Ginebra.</subfield>
  </datafield>
  <datafield tag="650" ind1=" " ind2=" ">
    <subfield code="a">Medicina humana</subfield>
    <subfield code="9">47329</subfield>
  </datafield>
  <datafield tag="650" ind1=" " ind2=" ">
    <subfield code="a">Salud p&#xFA;blica</subfield>
    <subfield code="9">6404</subfield>
  </datafield>
  <datafield tag="650" ind1=" " ind2=" ">
    <subfield code="a">Hospitales</subfield>
    <subfield code="9">47330</subfield>
  </datafield>
  <datafield tag="650" ind1=" " ind2=" ">
    <subfield code="a">Centros de Salud</subfield>
    <subfield code="9">32510</subfield>
  </datafield>
  <datafield tag="700" ind1=" " ind2=" ">
    <subfield code="a">Angles Vargas, V&#xED;ctor</subfield>
    <subfield code="9">47331</subfield>
  </datafield>
  <datafield tag="700" ind1=" " ind2=" ">
    <subfield code="a">Mu&#xF1;iz Caparo, Jorge</subfield>
    <subfield code="9">47332</subfield>
  </datafield>
  <datafield tag="700" ind1=" " ind2=" ">
    <subfield code="a">Farf&#xE1;n Cantero, Ramiro</subfield>
    <subfield code="9">47333</subfield>
  </datafield>
  <datafield tag="700" ind1=" " ind2=" ">
    <subfield code="a">Eguchi, Armando</subfield>
    <subfield code="9">47334</subfield>
  </datafield>
  <datafield tag="710" ind1=" " ind2=" ">
    <subfield code="a">Facultad de Medicina Humana</subfield>
    <subfield code="9">47335</subfield>
  </datafield>
  <datafield tag="710" ind1=" " ind2=" ">
    <subfield code="a">Universidad Nacional de San Antonio Abad del Cusco</subfield>
    <subfield code="9">15942</subfield>
  </datafield>
  <datafield tag="942" ind1=" " ind2=" ">
    <subfield code="2">ddc</subfield>
    <subfield code="c">PP</subfield>
  </datafield>
  <datafield tag="945" ind1=" " ind2=" ">
    <subfield code="a">rac</subfield>
  </datafield>
  <datafield tag="952" ind1=" " ind2=" ">
    <subfield code="0">0</subfield>
    <subfield code="2">ddc</subfield>
    <subfield code="4">0</subfield>
    <subfield code="7">0</subfield>
    <subfield code="a">HEM</subfield>
    <subfield code="b">HEM</subfield>
    <subfield code="c">CART</subfield>
    <subfield code="d">2022-03-01</subfield>
    <subfield code="g">5.00</subfield>
    <subfield code="o">Situa/N&#xB0;3/1994</subfield>
    <subfield code="p">REVC000720</subfield>
    <subfield code="r">2022-03-01</subfield>
    <subfield code="y">PP</subfield>
  </datafield>
</record>
